000 00211nam a22000977a 4500
003 OSt
008 200922b ||||| |||| 00| 0 eng d
100 _aGopinathan Nair, T N
_94767
245 _aPookkari
942 _cBK
999 _c16338
_d16338